000 00808nam a2200181Ia 4500
008 100920s9999 xx 000 0 und d
082 _b2736
_a28 व 910 थ 86
100 _aअत्रे सुप्रिया
245 _aमहाराष्ट्र दर्शन तीर्थक्षेत्र -दर्शन.
260 _bअतुल बुक एजन्सी ,पुणे.
_c1986
300 _a57
_bसाधी
365 _b0
520 _aबा.वि.भू.प्र.
630 _aमहाराष्ट्र दर्शन तीर्थक्षेत्र -दर्शन.
650 _aबा.वि.भू.प्र.
730 _aमहाराष्ट्र दर्शन तीर्थक्षेत्र -दर्शन.
942 _cBOOK
999 _c671118
_d671115